000
00332nam a22001337a 4500
008
170605b xxu||||| |||| 00| 0 eng d
020
_a
9780300047769
041
_a
eng
080
_a
94
100
_a
18
101
_a
shh
245
_a
VERSIONS OF HISTORY FROM ANTIQUITY TO THE ENLIGHTENMENT
_c
KELLEY .D.R
942
_2
udc
_c
BK
999
_c
15924
_d
15924